[Event "Groningen Harmonie op-A"]
[Site "Groningen"]
[Date "2005.12.23"]
[Round "1"]
[White "Schuetz, Peter"]
[Black "Kodentsov, Grigori"]
[Result "0-1"]
[WhiteElo "1967"]
[BlackElo "2270"]
[PlyCount "86"]
[EventDate "2005.12.23"]
[EventType "swiss"]
[EventRounds "9"]
[EventCountry "NED"]
[SourceTitle "CBM 110 Extra"]
[Source "ChessBase"]
[SourceDate "2006.03.10"]
[SourceVersion "2"]
[SourceVersionDate "2006.03.10"]
[SourceQuality "1"]

1. e4 c5 2. Nc3 Nc6 3. f4 g6 4. Nf3 Bg7 5. Bc4 e6 6. 0-0 Nge7 7. Qe1 0-0 8. d3 d5 9. Bb3 Nd4 10. Qh4 Nxb3 11. axb3 Nc6 12. Qxd8 Rxd8 13. Na4 Nb4 14. Nb6 Nxc2 15. Ra5 Rb8 16. Rxa7 Nb4 17. Ne5 f6 18. Nxc8 Rbxc8 19. Nf3 Nxd3 20. exd5 exd5 21. Rd1 Nxc1 22. Rxc1 Rd7 23. f5 Bh6 24. Re1 d4 25. g4 d3 26. g5 Bxg5 27. Nxg5 fxg5 28. fxg6 h6 29. Rd1 Kg7 30. Ra4 Re8 31. Rc4 Re5 32. b4 cxb4 33. Rxb4 Kxg6 34. Rd2 b5 35. Rb3 Red5 36. Rb4 Kf5 37. Kf2 Ke5 38. Ke3 Kd6 39. Rb3 Kc5 40. Rbxd3 Rxd3+ 41. Rxd3 Rxd3+ 42. Kxd3 Kd5 43. h3 h5 0-1

[Event "Budapest FS08 FM-B"]
[Site "Budapest"]
[Date "2005.08.16"]
[Round "11"]
[White "Shanmugam, Ravindran"]
[Black "Schuetz, Peter"]
[Result "1-0"]
[WhiteElo "2046"]
[BlackElo "1969"]
[PlyCount "39"]
[EventDate "2005.08.06"]
[EventType "tourn"]
[EventRounds "11"]
[EventCountry "HUN"]
[SourceTitle "CBM 107 Extra"]
[Source "ChessBase"]
[SourceDate "2005.09.01"]
[SourceVersion "1"]
[SourceVersionDate "2005.09.01"]
[SourceQuality "1"]

1. e4 e5 2. Nf3 Nc6 3. Bb5 Nd4 4. Nxd4 exd4 5. 0-0 c6 6. Ba4 Qa5 7. Bb3 d6 8. f4 Be6 9. c3 Qc5 10. Kh1 Bxb3 11. Qxb3 dxc3 12. Qxb7 Rd8 13. Nxc3 Nf6 14. d4 Qxd4 15. Qxc6+ Rd7 16. e5 Ng4 17. Qc8+ Ke7 18. exd6+ Kf6 19. Qxd7 Nf2+ 20. Rxf2 1-0

[Event "Budapest FS08 FM-B"]
[Site "Budapest"]
[Date "2005.08.14"]
[Round "9"]
[White "Lakat, Gyula"]
[Black "Schuetz, Peter"]
[Result "1-0"]
[WhiteElo "1967"]
[BlackElo "1969"]
[PlyCount "77"]
[EventDate "2005.08.06"]
[EventType "tourn"]
[EventRounds "11"]
[EventCountry "HUN"]
[SourceTitle "CBM 107 Extra"]
[Source "ChessBase"]
[SourceDate "2005.09.01"]
[SourceVersion "1"]
[SourceVersionDate "2005.09.01"]
[SourceQuality "1"]

1. d4 d5 2. g3 Nf6 3. Bg2 Bf5 4. c4 e6 5. Qb3 Nc6 6. cxd5 exd5 7. e3 Nb4 8. Na3 a5 9. Nf3 a4 10. Qd1 Nd3+ 11. Ke2 Ne4 12. Qxd3 Nxg3+ 13. hxg3 Bxd3+ 14. Kxd3 Bxa3 15. bxa3 Qd7 16. Kd2 Qb5 17. Bf1 Qa5+ 18. Kc2 c5 19. Bd2 Qc7 20. Bb5+ Kf8 21. Rab1 cxd4+ 22. Kd3 dxe3 23. Rhc1 Qd8 24. Bxe3 h6 25. Ke2 Kg8 26. Bd3 Qe7 27. Rb4 g6 28. Kf1 Kh7 29. Rh4 Qxa3 30. Bb1 Rhc8 31. Rxc8 Rxc8 32. Kg2 Rc4 33. Rxh6+ Kg7 34. Rh1 b5 35. Bh6+ Kg8 36. Bf4 f6 37. Bxg6 f5 38. Be5 Kf8 39. Bf6 1-0

[Event "Budapest FS08 FM-A"]
[Site "Budapest"]
[Date "2004.08.16"]
[Round "10"]
[White "Schuetz, Peter"]
[Black "Szekeres, Tibor"]
[Result "1-0"]
[WhiteElo "1963"]
[BlackElo "2169"]
[PlyCount "67"]
[EventDate "2004.08.07"]
[EventType "tourn"]
[EventRounds "13"]
[EventCountry "HUN"]
[SourceTitle "EXT 2005"]
[Source "ChessBase"]
[SourceDate "2004.11.15"]
[SourceVersion "1"]
[SourceVersionDate "2004.11.15"]
[SourceQuality "1"]

1. e4 g6 2. Nc3 Bg7 3. f4 c5 4. Nf3 Nc6 5. Bc4 a6 6. a4 d6 7. 0-0 e6 8. d3 Nge7 9. Qe1 Nd4 10. Nxd4 cxd4 11. Nd1 d5 12. Bb3 dxe4 13. dxe4 0-0 14. Qg3 Kh8 15. Nf2 f5 16. e5 Nc6 17. Bd2 Re8 18. Rfd1 Bf8 19. Nh3 Kg7 20. Ng5 Be7 21. h4 h5 22. Be1 Bc5 23. Rd3 Rb8 24. Nf3 Qb6 25. a5 Qc7 26. Ra4 Bd7 27. Ra1 Rbd8 28. Ba4 Na7 29. Bxd7 Rxd7 30. b4 Bf8 31. Rxd4 Rxd4 32. Nxd4 Qd7 33. Rd1 Nb5 34. Nxf5+ 1-0